[Event "Olympiad Women-41"]
[Site "Tromsoe"]
[Date "2014.08.12"]
[Round "10.3"]
[White "Ushenina, Anna"]
[Black "Kosteniuk, Alexandra"]
[Result "1/2-1/2"]
[WhiteElo "2487"]
[BlackElo "2531"]
[PlyCount "66"]
[EventDate "2014.08.02"]
[EventType "team-swiss"]
[EventRounds "11"]
[EventCountry "NOR"]
[SourceTitle "CBM 162"]
[Source "ChessBase"]
[SourceDate "2014.09.17"]
[SourceVersion "1"]
[SourceVersionDate "2014.09.17"]
[SourceQuality "1"]
[WhiteTeam "Ukraine (W)"]
[BlackTeam "Russia (W)"]
[WhiteTeamCountry "UKR"]
[BlackTeamCountry "RUS"]

1. d4 Nf6 2. c4 e6 3. Nc3 Bb4 4. Qc2 d5 5. cxd5 exd5 6. Bg5 c5 7. dxc5 h6 8.
Bh4 Be6 9. e3 O-O 10. Nf3 Nc6 11. Be2 Bxc5 12. O-O Rc8 13. Rfd1 Qe7 14. Rac1 g5
15. Bg3 Rfd8 16. Qa4 Bb6 17. a3 Bf5 18. Bd3 Ne4 19. Bb1 Nxc3 20. Rxc3 Bxb1 21.
Rxb1 Qe4 22. Qxe4 dxe4 23. Ne5 f6 24. Nxc6 Rxc6 25. Rxc6 bxc6 26. Kf1 Kf7 27.
Rc1 Rd2 28. b4 Ra2 29. Rxc6 Rxa3 30. Bc7 Ra1+ 31. Ke2 Ra2+ 32. Kf1 Ra1+ 33. Ke2
Ra2+ 1/2-1/2

[Event "Olympiad Women-41"]
[Site "Tromsoe"]
[Date "2014.08.14"]
[Round "11.3"]
[White "Kosteniuk, Alexandra"]
[Black "Nikolova, Adriana"]
[Result "1-0"]
[WhiteElo "2531"]
[BlackElo "2325"]
[PlyCount "83"]
[EventDate "2014.08.02"]
[EventType "team-swiss"]
[EventRounds "11"]
[EventCountry "NOR"]
[SourceTitle "CBM 162"]
[Source "ChessBase"]
[SourceDate "2014.09.17"]
[SourceVersion "1"]
[SourceVersionDate "2014.09.17"]
[SourceQuality "1"]
[WhiteTeam "Russia (W)"]
[BlackTeam "Bulgaria (W)"]
[WhiteTeamCountry "RUS"]
[BlackTeamCountry "BUL"]

1. e4 c5 2. Nf3 Nc6 3. d4 cxd4 4. Nxd4 Nf6 5. Nc3 d6 6. Bg5 a6 7. Qd2 Nxd4 8.
Qxd4 Qa5 9. h4 h6 10. Bd2 Qc7 11. Bc4 e6 12. Bb3 Bd7 13. O-O-O Bc6 14. Rhe1 e5
15. Qd3 b5 16. f4 Nd7 17. Nd5 Bxd5 18. Bxd5 Rc8 19. Rf1 Be7 20. g4 exf4 21.
Bxf4 Rf8 22. Rf3 g5 23. hxg5 Bxg5 24. Kb1 Bxf4 25. Rxf4 Ne5 26. Qd2 Qe7 27. Rh1
Rg8 28. Rxh6 Rxg4 29. Bxf7+ Nxf7 30. Rxg4 Nxh6 31. Qxh6 Qf7 32. Rg1 Qc4 33.
Qh8+ Kd7 34. Rg7+ Ke6 35. Qh6+ Ke5 36. Rg5+ Kd4 37. c3+ Kd3 38. Qh3+ Kxe4 39.
Qh4+ Kd3 40. Rg3+ Kd2 41. Qh2+ Qe2 42. Rg2 1-0

[Event "EU-Cup (Women) 19th"]
[Site "Bilbao"]
[Date "2014.09.16"]
[Round "3.1"]
[White "Kosteniuk, Alexandra"]
[Black "Zatonskih, Anna"]
[Result "0-1"]
[WhiteElo "2543"]
[BlackElo "2469"]
[PlyCount "122"]
[EventDate "2014.09.14"]
[EventType "team-swiss"]
[EventRounds "7"]
[EventCountry "ESP"]
[SourceTitle "CBM 162 Extra"]
[Source "ChessBase"]
[SourceDate "2014.10.17"]
[SourceVersion "1"]
[SourceVersionDate "2014.10.17"]
[SourceQuality "1"]
[WhiteTeam "SHSM (W)"]
[BlackTeam "Ladya (W)"]
[WhiteTeamCountry "RUS"]
[BlackTeamCountry "RUS"]

1. d4 e6 2. c4 Nf6 3. Nf3 Bb4+ 4. Bd2 Qe7 5. Qc2 Bxd2+ 6. Nbxd2 d6 7. g3 e5 8.
e3 O-O 9. Bg2 Re8 10. d5 e4 11. Nd4 c5 12. Ne2 Bf5 13. h3 h6 14. g4 Bh7 15. Ng3
Nbd7 16. O-O Kh8 17. Qd1 Ne5 18. b3 Nd3 19. Qe2 Qe5 20. Rad1 Nb2 21. Rb1 Nd3
22. a3 Qg5 23. b4 b6 24. Rfd1 Qh4 25. bxc5 Nxc5 26. Kh2 Rac8 27. f4 exf3 28.
Qxf3 Rxe3 29. Nf5 Rxf3 30. Nxh4 Rxa3 31. Ra1 Rxa1 32. Rxa1 a5 33. Nhf3 Be4 34.
Kg3 Bxf3 35. Bxf3 Kg8 36. h4 g5 37. hxg5 hxg5 38. Rb1 Ncd7 39. Be4 Re8 40. Bf5
Re3+ 41. Kf2 Rc3 42. Ke2 Kg7 43. Nf3 Rxc4 44. Nxg5 a4 45. Nf3 Nc5 46. Nd2 Rc3
47. Rxb6 a3 48. Rb8 Nxd5 49. Ra8 Rh3 50. g5 Nc3+ 51. Kf1 Rh1+ 52. Kg2 Rd1 53.
Nf1 Rxf1 54. Kxf1 a2 55. Ra3 Nb3 56. Ke1 a1=Q+ 57. Rxa1 Nxa1 58. Kd2 Nd5 59.
Be4 Nb3+ 60. Kc2 Nd4+ 61. Kd3 Ne6 0-1

[Event "EU-Cup (Women) 19th"]
[Site "Bilbao"]
[Date "2014.09.17"]
[Round "4.1"]
[White "Mkrtchian, Lilit"]
[Black "Kosteniuk, Alexandra"]
[Result "1/2-1/2"]
[WhiteElo "2457"]
[BlackElo "2543"]
[PlyCount "57"]
[EventDate "2014.09.14"]
[EventType "team-swiss"]
[EventRounds "7"]
[EventCountry "ESP"]
[SourceTitle "CBM 162 Extra"]
[Source "ChessBase"]
[SourceDate "2014.10.17"]
[SourceVersion "1"]
[SourceVersionDate "2014.10.17"]
[SourceQuality "1"]
[WhiteTeam "Bad Koenigshofen (W)"]
[BlackTeam "SHSM (W)"]
[WhiteTeamCountry "GER"]
[BlackTeamCountry "RUS"]

1. c4 Nf6 2. Nf3 b6 3. g3 Bb7 4. Bg2 e6 5. O-O Be7 6. b3 c5 7. Bb2 d5 8. e3 O-O
9. Nc3 Nbd7 10. d3 Qb8 11. Qe2 Rd8 12. Rfd1 a6 13. Rac1 dxc4 14. bxc4 b5 15. a3
Bc6 16. e4 b4 17. axb4 cxb4 18. Nb1 Ba4 19. Rf1 e5 20. Nbd2 Bc5 21. Ra1 Bc2 22.
Rfc1 b3 23. Ne1 Nf8 24. Nxc2 bxc2 25. Rxc2 Ne6 26. Bh3 Ng5 27. Bg2 Ne6 28. Bh3
Ng5 29. Bg2 1/2-1/2

[Event "EU-Cup (Women) 19th"]
[Site "Bilbao"]
[Date "2014.09.18"]
[Round "5.1"]
[White "Efroimski, Marsel"]
[Black "Kosteniuk, Alexandra"]
[Result "0-1"]
[WhiteElo "2331"]
[BlackElo "2543"]
[PlyCount "131"]
[EventDate "2014.09.14"]
[EventType "team-swiss"]
[EventRounds "7"]
[EventCountry "ESP"]
[SourceTitle "CBM 162 Extra"]
[Source "ChessBase"]
[SourceDate "2014.10.17"]
[SourceVersion "1"]
[SourceVersionDate "2014.10.17"]
[SourceQuality "1"]
[WhiteTeam "Rishon Le Zion (W)"]
[BlackTeam "SHSM (W)"]
[WhiteTeamCountry "ISR"]
[BlackTeamCountry "RUS"]

1. e4 c5 2. Nf3 Nc6 3. d4 cxd4 4. Nxd4 Nf6 5. Nc3 d6 6. Bg5 e6 7. Qd2 a6 8.
O-O-O Bd7 9. f3 h6 10. Be3 b5 11. Kb1 Ne5 12. Bd3 Qc7 13. f4 Nc4 14. Bxc4 Qxc4
15. e5 b4 16. exf6 bxc3 17. fxg7 Bxg7 18. Qxc3 Qxc3 19. bxc3 Ke7 20. Rd3 Rhc8
21. Rhd1 a5 22. Nb3 Bc6 23. Rxd6 Bd5 24. Rb6 Bxc3 25. f5 a4 26. Nc5 Ba5 27. Rb5
Bc6 28. Rb2 Bc3 29. Rb6 Rab8 30. Rxb8 Rxb8+ 31. Kc1 e5 32. f6+ Ke8 33. Rd6 Rc8
34. Nd3 e4 35. Nb2 a3 36. Nc4 Ba4 37. Bb6 Bd7 38. Ne3 Be5 39. Rd5 Bxf6 40. Bd4
Bg5 41. Ra5 f5 42. g3 f4 43. h4 Bd8 44. Re5+ Kf7 45. gxf4 Bf6 46. Rd5 Be6 47.
Rd6 Rd8 48. Nc4 Bxc4 49. Rxf6+ Ke7 50. Be5 e3 51. Rg6 e2 52. Rg1 Bxa2 53. Bc3
Be6 54. Bb4+ Kf7 55. f5 Bxf5 56. Re1 Bg4 57. Kb1 Rb8 58. c3 Ra8 59. Ka1 Kg6 60.
c4 Ra4 61. Bf8 a2 62. Bd6 Rxc4 63. Kxa2 Rd4 64. Bc7 Rd1 65. Ba5 Kh5 66. Bd2 0-1

[Event "EU-Cup (Women) 19th"]
[Site "Bilbao"]
[Date "2014.09.20"]
[Round "7.1"]
[White "Kosteniuk, Alexandra"]
[Black "Khotenashvili, Bela"]
[Result "1/2-1/2"]
[WhiteElo "2543"]
[BlackElo "2507"]
[PlyCount "115"]
[EventDate "2014.09.14"]
[EventType "team-swiss"]
[EventRounds "7"]
[EventCountry "ESP"]
[SourceTitle "CBM 162 Extra"]
[Source "ChessBase"]
[SourceDate "2014.10.17"]
[SourceVersion "1"]
[SourceVersionDate "2014.10.17"]
[SourceQuality "1"]
[WhiteTeam "SHSM (W)"]
[BlackTeam "Batumi Nona (W)"]
[WhiteTeamCountry "RUS"]
[BlackTeamCountry "GEO"]

1. e4 c6 2. d4 d5 3. e5 Bf5 4. Nf3 e6 5. Be2 Nd7 6. O-O h6 7. Nbd2 Ne7 8. Nb3
g5 9. Ne1 Qc7 10. Bd2 Bg6 11. c4 dxc4 12. Bxc4 Nf5 13. Rc1 Nb6 14. Be2 Rd8 15.
Nc2 Be7 16. Bh5 Rg8 17. Bxg6 Rxg6 18. Qg4 Nc4 19. Bc3 Qb6 20. Qe2 Qb5 21. Rfe1
Nb6 22. Qxb5 cxb5 23. Ba5 g4 24. Re4 Rc8 25. Bxb6 axb6 26. Ne1 Rc4 27. Rd1 h5
28. Re2 h4 29. a3 g3 30. Re4 Rg8 31. Rf4 Bg5 32. Rf3 gxf2+ 33. Kxf2 Ne7 34.
Rdd3 Nc6 35. Ke2 Be7 36. h3 Bg5 37. Rf2 Rg7 38. Kd1 b4 39. a4 Rg8 40. Nc2 Ne7
41. a5 bxa5 42. Nxa5 Rc7 43. Nxb4 b6 44. Nb3 Rc4 45. Na2 Nf5 46. Nc3 Ke7 47.
Ke1 Bh6 48. Ne4 Rd8 49. Ned2 Bxd2+ 50. Rfxd2 Rd5 51. Kf2 Rb4 52. Rc3 Nxd4 53.
Nxd4 Rdxd4 54. Rxd4 Rxd4 55. Rb3 Rd5 56. Rxb6 Rxe5 57. Rb4 Rc5 58. Kf3 1/2-1/2

[Event "SUI-ch 114th"]
[Site "Bern"]
[Date "2014.09.27"]
[Round "1"]
[White "Kosteniuk, Alexandra"]
[Black "Loetscher, Roland"]
[Result "0-1"]
[WhiteElo "2543"]
[BlackElo "2416"]
[PlyCount "102"]
[EventDate "2014.09.27"]
[EventType "tourn"]
[EventRounds "9"]
[EventCountry "SUI"]
[EventCategory "9"]
[SourceTitle "CBM 162 Extra"]
[Source "ChessBase"]
[SourceDate "2014.10.17"]
[SourceVersion "1"]
[SourceVersionDate "2014.10.17"]
[SourceQuality "1"]

1. e4 e5 2. Nf3 Nc6 3. Bb5 Nf6 4. d3 Bc5 5. O-O Nd4 6. Nxd4 Bxd4 7. Nd2 c6 8.
Ba4 d6 9. c3 Bb6 10. Bc2 O-O 11. Nc4 Bc7 12. Bg5 h6 13. Bh4 d5 14. Nd2 Qd6 15.
Bg3 dxe4 16. dxe4 Bg4 17. Qe1 Nh5 18. Nc4 Qc5 19. Ne3 Nxg3 20. hxg3 Bd7 21. Qe2
Rad8 22. g4 g6 23. g3 Rfe8 24. Kg2 Bd6 25. Rad1 Bf8 26. b4 Qe7 27. b5 Bc8 28.
bxc6 bxc6 29. Bb3 Qc7 30. Ba4 Bc5 31. Rh1 Kg7 32. Nc2 Rxd1 33. Rxd1 Qb6 34. Ne1
a5 35. Qf3 Re6 36. Nd3 Rf6 37. Qe2 Ba6 38. f3 Rd6 39. Bb3 Qd8 40. c4 Bd4 41.
Qc2 c5 42. Nc1 Qg5 43. Ne2 Qe3 44. Nxd4 Rxd4 45. Qb2 a4 46. Bxa4 Bxc4 47. Rxd4
exd4 48. Bb5 Qc3 49. Qb1 Qd2+ 50. Kg1 Qe3+ 51. Kg2 Qe2+ 0-1

[Event "SUI-ch 114th"]
[Site "Bern"]
[Date "2014.09.28"]
[Round "2"]
[White "Huss, Andreas"]
[Black "Kosteniuk, Alexandra"]
[Result "0-1"]
[WhiteElo "2382"]
[BlackElo "2543"]
[PlyCount "66"]
[EventDate "2014.09.27"]
[EventType "tourn"]
[EventRounds "9"]
[EventCountry "SUI"]
[EventCategory "9"]
[SourceTitle "CBM 162 Extra"]
[Source "ChessBase"]
[SourceDate "2014.10.17"]
[SourceVersion "1"]
[SourceVersionDate "2014.10.17"]
[SourceQuality "1"]

1. d4 Nf6 2. c4 e6 3. Nf3 b6 4. Nc3 Bb4 5. Qc2 Bb7 6. a3 Bxc3+ 7. Qxc3 O-O 8.
e3 Ne4 9. Qc2 f5 10. Bd3 Rf6 11. b3 Rg6 12. Rg1 c5 13. Bb2 cxd4 14. exd4 d6 15.
O-O-O Nd7 16. Kb1 Rc8 17. Qe2 b5 18. Nd2 bxc4 19. bxc4 Nb6 20. f3 Na4 21. Nxe4
Rb8 22. Ka1 Bxe4 23. Rb1 Bxd3 24. Qxd3 Nxb2 25. Rxb2 Rxb2 26. Kxb2 Qh4 27. Qe3
f4 28. Qe2 Qxh2 29. Qf2 h5 30. c5 dxc5 31. dxc5 e5 32. Kc3 e4 33. fxe4 f3 0-1

[Event "SUI-ch 114th"]
[Site "Bern"]
[Date "2014.09.28"]
[Round "3"]
[White "Kosteniuk, Alexandra"]
[Black "Zueger, Beat"]
[Result "1-0"]
[WhiteElo "2543"]
[BlackElo "2399"]
[PlyCount "77"]
[EventDate "2014.09.27"]
[EventType "tourn"]
[EventRounds "9"]
[EventCountry "SUI"]
[EventCategory "9"]
[SourceTitle "CBM 162 Extra"]
[Source "ChessBase"]
[SourceDate "2014.10.17"]
[SourceVersion "1"]
[SourceVersionDate "2014.10.17"]
[SourceQuality "1"]

1. e4 c5 2. Nf3 e6 3. d4 cxd4 4. Nxd4 a6 5. Bd3 Bc5 6. Be3 d6 7. Nd2 Nf6 8. c3
O-O 9. Qe2 e5 10. Nc2 Bxe3 11. Nxe3 Nc6 12. O-O Be6 13. Rfd1 Qc7 14. a4 Rad8
15. Ndc4 Na5 16. Nxa5 Qxa5 17. c4 Nd7 18. Rdb1 Rc8 19. b4 Qd8 20. a5 g6 21. Rd1
f5 22. c5 dxc5 23. b5 axb5 24. exf5 gxf5 25. Bxb5 f4 26. Nc4 Qe7 27. Bxd7 Bxd7
28. Nb6 f3 29. Qc4+ Be6 30. Nxc8 Qf6 31. Qxc5 Rxc8 32. Qb6 Qg6 33. g3 Qf5 34.
Rd8+ Rxd8 35. Qxd8+ Kg7 36. Rc1 Qh3 37. Rc7+ Kg6 38. Qd3+ Bf5 39. Qxf3 1-0

[Event "SUI-ch 114th"]
[Site "Bern"]
[Date "2014.09.29"]
[Round "4"]
[White "Georgiadis, Nico"]
[Black "Kosteniuk, Alexandra"]
[Result "0-1"]
[WhiteElo "2451"]
[BlackElo "2543"]
[PlyCount "100"]
[EventDate "2014.09.27"]
[EventType "tourn"]
[EventRounds "9"]
[EventCountry "SUI"]
[EventCategory "9"]
[SourceTitle "CBM 162 Extra"]
[Source "ChessBase"]
[SourceDate "2014.10.17"]
[SourceVersion "1"]
[SourceVersionDate "2014.10.17"]
[SourceQuality "1"]

1. e4 c6 2. Nc3 d5 3. Nf3 Bg4 4. d4 e6 5. h3 Bxf3 6. Qxf3 dxe4 7. Qxe4 Nd7 8.
g3 g6 9. Bg2 Bg7 10. h4 Ne7 11. Bg5 h6 12. Be3 Nf5 13. O-O-O Nf6 14. Qd3 Ng4
15. Ne4 Qa5 16. Qb3 Qb6 17. Qa3 O-O-O 18. Bf3 Bf8 19. Qc3 Bb4 20. Qb3 Ngxe3 21.
fxe3 Be7 22. Rd3 Qxb3 23. axb3 h5 24. Kd2 Nd6 25. Nf2 Rdg8 26. Ke2 g5 27. hxg5
Rxg5 28. Rh3 Ra5 29. Rd1 h4 30. gxh4 Rxh4 31. Rxh4 Bxh4 32. Nd3 Nf5 33. b4 Ng3+
34. Kd2 Rf5 35. Bg2 Bg5 36. Re1 Rf6 37. Kc3 Rh6 38. Ne5 Rh2 39. Bf3 Nf5 40.
Nxf7 Bxe3 41. Nd6+ Kc7 42. Nc4 Bxd4+ 43. Kd3 Rh3 44. Nd2 Bxb2 45. Rxe6 Bc1 46.
Rf6 Bxd2 47. Rxf5 Bxb4 48. c4 a5 49. Kc2 a4 50. Kb1 a3 0-1

[Event "SUI-ch 114th"]
[Site "Bern"]
[Date "2014.09.30"]
[Round "5"]
[White "Kosteniuk, Alexandra"]
[Black "Milov, Vadim"]
[Result "1/2-1/2"]
[WhiteElo "2543"]
[BlackElo "2622"]
[PlyCount "56"]
[EventDate "2014.09.27"]
[EventType "tourn"]
[EventRounds "9"]
[EventCountry "SUI"]
[EventCategory "9"]
[SourceTitle "CBM 162 Extra"]
[Source "ChessBase"]
[SourceDate "2014.10.17"]
[SourceVersion "1"]
[SourceVersionDate "2014.10.17"]
[SourceQuality "1"]

1. e4 c5 2. c3 d6 3. d4 Nf6 4. Bd3 Nbd7 5. Nf3 Qc7 6. O-O g6 7. Re1 e5 8. Na3
a6 9. b4 cxd4 10. cxd4 Bg7 11. Bb2 O-O 12. Rc1 Qb8 13. Nc4 b5 14. Na5 Bb7 15.
Qb3 Nh5 16. Bb1 Ra7 17. a3 Ba8 18. Ba2 exd4 19. Bxd4 Bxd4 20. Nxd4 Ne5 21. Ndc6
Bxc6 22. Nxc6 Nxc6 23. Rxc6 a5 24. bxa5 Rxa5 25. Rec1 Ra7 26. Qh3 Qe8 27. Qe3
Ra4 28. f3 Qe5 1/2-1/2

[Event "SUI-ch 114th"]
[Site "Bern"]
[Date "2014.10.01"]
[Round "6"]
[White "Kosteniuk, Alexandra"]
[Black "Kurmann, Oliver"]
[Result "1/2-1/2"]
[WhiteElo "2543"]
[BlackElo "2439"]
[PlyCount "67"]
[EventDate "2014.09.27"]
[EventType "tourn"]
[EventRounds "9"]
[EventCountry "SUI"]
[EventCategory "9"]
[SourceTitle "CBM 162 Extra"]
[Source "ChessBase"]
[SourceDate "2014.10.17"]
[SourceVersion "1"]
[SourceVersionDate "2014.10.17"]
[SourceQuality "1"]

1. e4 c5 2. Nf3 e6 3. d4 cxd4 4. Nxd4 a6 5. Nc3 b5 6. Bd3 Qb6 7. Nf3 Qc7 8. O-O
Bb7 9. Re1 Be7 10. Bd2 Nc6 11. e5 f5 12. Bxf5 exf5 13. Nd5 Qc8 14. Nb6 Qc7 15.
Nxa8 Bxa8 16. a4 b4 17. c3 Qb7 18. Qc2 g6 19. e6 Nf6 20. exd7+ Nxd7 21. cxb4
O-O 22. Qc4+ Kg7 23. b5 Nce5 24. Qf4 Bf6 25. bxa6 Nxf3+ 26. gxf3 Qxb2 27. Rab1
Qa2 28. Rbd1 Bc6 29. Bb4 Rf7 30. a5 Qb2 31. Rb1 Qa2 32. Rbd1 Qb2 33. Rb1 Qa2
34. Rbd1 1/2-1/2

[Event "SUI-ch 114th"]
[Site "Bern"]
[Date "2014.10.02"]
[Round "7"]
[White "Ballmann, Martin"]
[Black "Kosteniuk, Alexandra"]
[Result "1-0"]
[WhiteElo "2386"]
[BlackElo "2543"]
[PlyCount "127"]
[EventDate "2014.09.27"]
[EventType "tourn"]
[EventRounds "9"]
[EventCountry "SUI"]
[EventCategory "9"]
[SourceTitle "CBM 162 Extra"]
[Source "ChessBase"]
[SourceDate "2014.10.17"]
[SourceVersion "1"]
[SourceVersionDate "2014.10.17"]
[SourceQuality "1"]

1. d4 Nf6 2. Nf3 e6 3. Bg5 h6 4. Bh4 g5 5. Bg3 Ne4 6. Nbd2 Nxg3 7. hxg3 Bg7 8.
c3 d6 9. e4 g4 10. Ng1 h5 11. Bd3 Nd7 12. Ne2 a6 13. Qc2 Qg5 14. O-O-O b5 15.
f4 Qe7 16. e5 Bb7 17. Be4 Bxe4 18. Nxe4 d5 19. Nd2 c5 20. f5 Bh6 21. Nf4 Bxf4
22. gxf4 O-O-O 23. f6 Qf8 24. Rh4 Kb7 25. Kb1 cxd4 26. cxd4 Qb4 27. Qc3 Qxc3
28. bxc3 Rc8 29. Rdh1 Rxc3 30. Rxh5 Rxh5 31. Rxh5 Rg3 32. Rh7 Rxg2 33. Rxf7 Kc6
34. Nb3 Rf2 35. Rg7 Rxf4 36. Kc2 b4 37. Kd3 Rf3+ 38. Ke2 Rf4 39. Ke3 Rf3+ 40.
Ke2 Rf4 41. Re7 g3 42. Rxe6+ Kb5 43. Re7 Rf2+ 44. Ke1 Nf8 45. Re8 Nd7 46. Rg8
a5 47. Rxg3 Rf4 48. Rg7 Nf8 49. Rg8 Ne6 50. Re8 Ng5 51. Rg8 Nf3+ 52. Kd1 a4 53.
e6 axb3 54. e7 Rxd4+ 55. Kc1 Rc4+ 56. Kd1 Rd4+ 57. Ke2 Re4+ 58. Kxf3 bxa2 59.
Ra8 b3 60. f7 Rxe7 61. f8=Q Rb7 62. Qa3 Kc4 63. Qb2 Kd3 64. Ra3 1-0

[Event "SUI-ch 114th"]
[Site "Bern"]
[Date "2014.10.03"]
[Round "8"]
[White "Kosteniuk, Alexandra"]
[Black "Pelletier, Yannick"]
[Result "1/2-1/2"]
[WhiteElo "2543"]
[BlackElo "2571"]
[PlyCount "82"]
[EventDate "2014.09.27"]
[EventType "tourn"]
[EventRounds "9"]
[EventCountry "SUI"]
[EventCategory "9"]
[SourceTitle "CBM 162 Extra"]
[Source "ChessBase"]
[SourceDate "2014.10.17"]
[SourceVersion "1"]
[SourceVersionDate "2014.10.17"]
[SourceQuality "1"]

1. e4 c5 2. Nf3 e6 3. d4 cxd4 4. Nxd4 Nc6 5. Nc3 a6 6. Be2 d6 7. Be3 Nf6 8. O-O
Be7 9. f4 O-O 10. Qe1 Bd7 11. Qg3 b5 12. a3 Nxd4 13. Bxd4 Bc6 14. Rae1 Rb8 15.
Bd3 b4 16. Nd1 bxa3 17. bxa3 g6 18. Nf2 d5 19. exd5 Qxd5 20. Be5 Rbe8 21. Bxa6
Nh5 22. Qg4 f6 23. c4 Qxg2+ 24. Qxg2 Bxg2 25. Kxg2 fxe5 26. fxe5 Ra8 27. Bb5
Nf4+ 28. Kh1 Rxa3 29. Ne4 Nd3 30. Rxf8+ Kxf8 31. Rf1+ Kg7 32. Bd7 Ra6 33. c5
Nxe5 34. Bb5 Ra2 35. c6 g5 36. h3 h5 37. Nc5 Bxc5 38. c7 Ra8 39. Ba6 Bd6 40.
c8=Q Rxc8 41. Bxc8 g4 1/2-1/2

[Event "SUI-ch 114th"]
[Site "Bern"]
[Date "2014.10.04"]
[Round "9"]
[White "Klauser, Markus"]
[Black "Kosteniuk, Alexandra"]
[Result "0-1"]
[WhiteElo "2384"]
[BlackElo "2543"]
[PlyCount "119"]
[EventDate "2014.09.27"]
[EventType "tourn"]
[EventRounds "9"]
[EventCountry "SUI"]
[EventCategory "9"]
[SourceTitle "CBM 162 Extra"]
[Source "ChessBase"]
[SourceDate "2014.10.17"]
[SourceVersion "1"]
[SourceVersionDate "2014.10.17"]
[SourceQuality "1"]

1. e4 c6 2. d4 d5 3. e5 Bf5 4. Nf3 e6 5. Be2 Ne7 6. O-O Bg6 7. Nbd2 Nf5 8. Nb3
Nd7 9. Bd2 h6 10. Na5 Qb6 11. Be1 Bh5 12. Nb3 Bb4 13. c3 Be7 14. h3 Bg6 15. Rc1
O-O 16. c4 dxc4 17. Ba5 Qa6 18. Bxc4 b5 19. Be2 Rac8 20. a4 Qb7 21. axb5 cxb5
22. Qd2 Qd5 23. Rxc8 Rxc8 24. Rc1 Rxc1+ 25. Nxc1 Nb8 26. Bc3 Nc6 27. b4 Bd8 28.
Bd1 Nfe7 29. Ne2 Qe4 30. Nf4 Bh7 31. Be2 g5 32. Nd3 Nd5 33. Nc5 Qb1+ 34. Kh2
Nxc3 35. Qxc3 Qxb4 36. Qxb4 Nxb4 37. Bxb5 Nc2 38. Nd7 Be4 39. Ba4 Bxf3 40. Bxc2
Bc6 41. Nc5 Bb6 42. f3 Bxc5 43. dxc5 a5 44. Kg3 a4 45. h4 a3 46. Bb1 Kg7 47.
hxg5 hxg5 48. Kg4 Kh6 49. g3 Bd5 50. f4 gxf4 51. Kxf4 Kh5 52. Ke3 Kg4 53. Kd4
a2 54. Bxa2 Bxa2 55. c6 Bd5 56. c7 Bb7 57. Kc5 Kxg3 58. Kb6 Bc8 59. Kc6 Kf4 60.
Kd6 0-1

[Event "Sochi Tal Memorial Blitz"]
[Site "Sochi"]
[Date "2014.11.13"]
[Round "1"]
[White "Nepomniachtchi, Ian"]
[Black "Kosteniuk, Alexandra"]
[Result "1-0"]
[WhiteElo "2714"]
[BlackElo "2541"]
[PlyCount "101"]
[EventDate "2014.11.13"]
[EventType "tourn (blitz)"]
[EventRounds "22"]
[EventCountry "RUS"]
[EventCategory "19"]
[SourceTitle "EXT 2015"]
[Source "ChessBase"]
[SourceDate "2014.11.20"]
[SourceVersion "1"]
[SourceVersionDate "2014.11.20"]
[SourceQuality "1"]

1. e4 c5 2. Nf3 Nc6 3. Bb5 Nf6 4. Nc3 g6 5. O-O Bg7 6. d3 O-O 7. h3 d5 8. e5
Ne8 9. Bxc6 bxc6 10. Bf4 Nc7 11. Qd2 Re8 12. Bh6 Bh8 13. Rae1 Rb8 14. b3 Ne6
15. Ng5 Ng7 16. g4 f6 17. Nf3 f5 18. Qg5 fxg4 19. hxg4 Qd7 20. Nh2 Ne6 21. Qh4
Nd4 22. f4 e6 23. Rf2 Qe7 24. Bg5 Qf8 25. Na4 Bg7 26. c3 Nb5 27. Bf6 Rb7 28. g5
Bxf6 29. gxf6 c4 30. d4 cxb3 31. axb3 a5 32. Nf3 h6 33. Rg2 Kf7 34. Kh1 Qh8 35.
Rh2 Rg8 36. Rg1 Kf8 37. Qxh6+ Qxh6 38. Rxh6 Nxc3 39. Nxc3 Rxb3 40. Rc1 a4 41.
Nd2 Rb2 42. Rh2 a3 43. Ra1 g5 44. f5 Rc2 45. Rxa3 exf5 46. Ra7 Rxc3 47. Rhh7 g4
48. Ra8 Rh3+ 49. Rxh3 gxh3 50. Rxc8+ Kf7 51. e6+ 1-0

[Event "Sochi Tal Memorial Blitz"]
[Site "Sochi"]
[Date "2014.11.13"]
[Round "2"]
[White "Kosteniuk, Alexandra"]
[Black "Grischuk, Alexander"]
[Result "0-1"]
[WhiteElo "2541"]
[BlackElo "2795"]
[PlyCount "118"]
[EventDate "2014.11.13"]
[EventType "tourn (blitz)"]
[EventRounds "22"]
[EventCountry "RUS"]
[EventCategory "19"]
[SourceTitle "EXT 2015"]
[Source "ChessBase"]
[SourceDate "2014.11.20"]
[SourceVersion "1"]
[SourceVersionDate "2014.11.20"]
[SourceQuality "1"]

1. e4 c5 2. c3 e6 3. d4 d5 4. exd5 exd5 5. Nf3 a6 6. Qe2+ Qe7 7. dxc5 Qxe2+ 8.
Bxe2 Bxc5 9. O-O Nf6 10. Nbd2 Nc6 11. Nb3 Ba7 12. Bg5 Ne4 13. Rad1 Be6 14. Bf4
O-O 15. Nfd4 Rfd8 16. Bf3 Nf6 17. Rfe1 Re8 18. h3 h6 19. Nxc6 bxc6 20. Be3 Bxe3
21. Rxe3 Rab8 22. Rd4 Rb6 23. Ra4 Reb8 24. Be2 Ra8 25. Nc5 Rxb2 26. Bxa6 Bf5
27. g4 Bc2 28. Rb4 Rxa2 29. Bd3 Bxd3 30. Nxd3 Ne4 31. Ne5 c5 32. Rb7 R2a7 33.
Rxa7 Rxa7 34. f3 Ra1+ 35. Kg2 Ra2+ 36. Kg1 Ng5 37. f4 Ne4 38. Nd3 c4 39. Nb4
Ra1+ 40. Kg2 Rd1 41. Nxd5 Nc5 42. Ne7+ Kf8 43. Nc6 Nd3 44. Ne5 Nxf4+ 45. Kg3
Nd5 46. Rf3 f6 47. Nxc4 Rc1 48. Ne3 Nxc3 49. Nf5 Ne4+ 50. Kf4 Rc4 51. Ra3 Nd6+
52. Kf3 Nxf5 53. gxf5 h5 54. Ra8+ Kf7 55. Ra7+ Kg8 56. Kg3 h4+ 57. Kf3 Kh7 58.
Ra1 Kh6 59. Rg1 Rc3+ 0-1

[Event "Sochi Tal Memorial Blitz"]
[Site "Sochi"]
[Date "2014.11.13"]
[Round "5"]
[White "Morozevich, Alexander"]
[Black "Kosteniuk, Alexandra"]
[Result "1-0"]
[WhiteElo "2724"]
[BlackElo "2541"]
[PlyCount "73"]
[EventDate "2014.11.13"]
[EventType "tourn (blitz)"]
[EventRounds "22"]
[EventCountry "RUS"]
[EventCategory "19"]
[SourceTitle "EXT 2015"]
[Source "ChessBase"]
[SourceDate "2014.11.20"]
[SourceVersion "1"]
[SourceVersionDate "2014.11.20"]
[SourceQuality "1"]

1. e4 c5 2. Nf3 Nc6 3. d4 cxd4 4. Nxd4 Nf6 5. Nc3 d6 6. f3 e5 7. Nb3 Be6 8. Nd5
Bxd5 9. exd5 Ne7 10. Bg5 Nd7 11. Qd2 f6 12. Be3 Nf5 13. Bf2 g6 14. Bd3 Bh6 15.
Qb4 Qc7 16. Bxf5 gxf5 17. Qh4 Bg5 18. Qh5+ Ke7 19. h4 Rag8 20. hxg5 Rxg5 21.
Qh4 Qxc2 22. g3 f4 23. Rc1 Qd3 24. Rc3 Qb1+ 25. Kd2 Qxb2+ 26. Rc2 Qa3 27. gxf4
exf4 28. Re1+ Kd8 29. Qxf4 Rxd5+ 30. Bd4 Rg8 31. Re2 Qb4+ 32. Ke3 Ne5 33. Qxf6+
Kd7 34. Qf5+ Kd8 35. Qc8+ Ke7 36. Rc7+ Kf6 37. Qxg8 1-0